United States President Mixup - Statistics

General Stats
  • This quiz has been taken 21 times
  • The average score is 40 of 45
Answer Stats
Question Tile Select % Correct
James K. Polk No
100%
James K. Polk No
100%
William H. Taft No
100%
William H. Taft No
100%
William H. Taft No
100%
William H. Taft No
100%
James K. Polk No
94%
James K. Polk No
94%
James K. Polk No
94%
James K. Polk No
94%
William H. Taft No
94%
William H. Taft No
94%
William H. Taft No
94%
Calvin Coolidge No
94%
Calvin Coolidge No
94%
Calvin Coolidge No
94%
Calvin Coolidge No
94%
Zachary Taylor No
94%
Zachary Taylor No
94%
Zachary Taylor No
94%
Zachary Taylor No
94%
Zachary Taylor No
94%
James K. Polk No
88%
James K. Polk No
88%
Calvin Coolidge No
88%
Calvin Coolidge No
88%
Calvin Coolidge No
88%
Zachary Taylor No
88%
Zachary Taylor No
88%
Zachary Taylor No
88%
William McKinley No
88%
William McKinley No
88%
William McKinley No
88%
William McKinley No
88%
William McKinley No
88%
William McKinley No
88%
William McKinley No
88%
James K. Polk Yes
82%
Calvin Coolidge No
82%
William McKinley No
82%
William McKinley Yes
82%
Zachary Taylor Yes
76%
William H. Taft No
71%
Calvin Coolidge Yes
65%
William H. Taft Yes
59%
No matching quizzes found
Score Distribution
Percent of People with Each Score
Percentile by Number Answered
Your Score History
You have not taken this quiz